| 000 | 00996cam a22003011i 4500 | ||
|---|---|---|---|
| 001 | 7883926 | ||
| 003 | EG-ScBUE | ||
| 005 | 20240325092346.0 | ||
| 008 | 721018s1948 nyu f 000 0aeng d | ||
| 035 | _a(OCoLC)456606 | ||
| 040 |
_aDLC _beng _erda _cODaWU _dOCoLC _dIAurC _dOCoLC _dDLC _dEG-ScBUE |
||
| 043 | _an-us--- | ||
| 082 | 0 | 4 |
_a923.273 _222 _bHUL |
| 100 | 1 |
_aHull, Cordell, _d1871-1955, _eauthor. _910983 |
|
| 245 | 1 | 4 | _aThe memoirs of Cordell Hull. |
| 264 | 1 |
_aNew York : _bThe Macmillan Company, _c1948. |
|
| 300 |
_a2 volumes ; _c22 cm |
||
| 336 |
_2rdacontent _atext _btxt |
||
| 337 |
_aunmediated _2rdamedia _bn |
||
| 338 |
_avolume _bnc _2rdacarrier |
||
| 505 | 0 | _aVolume 1 -- Volume 2. | |
| 600 | 1 | 7 |
_aHull, Cordell, _d1871-1955 _xMemoirs. _2BUEsh _910984 |
| 651 | 7 |
_aUnited States _xForeign relations _y1933-1945. _2BUEsh _910985 |
|
| 651 | 7 |
_aUnited States _xHistory _y1933-1945. _2BUEsh _910986 |
|
| 655 | _vReading book | ||
| 942 |
_2ddc _cBB |
||
| 999 |
_c13286 _d13286 |
||